[Event "19th Rochefort Open 2020"]
[Site "Rochefort"]
[Date "2020.02.22"]
[Round "1.1"]
[White "Van den Doel, Erik"]
[Black "Bailleul, Adrien"]
[Result "1-0"]
[WhiteElo "2583"]
[BlackElo "2061"]
[Annotator "TA"]
[PlyCount "47"]
[EventDate "2020.02.22"]
[EventType "swiss"]
[EventCountry "FRA"]
[SourceTitle "playchess.com"]
[Source "ChessBase"]
[SourceQuality "1"]

{[%evp 9,47,-27,0,0,0,0,54,68,110,110,110,110,116,40,153,140,147,130,141,149,139,161,178,209,218,208,245,238,327,323,324,276,478,452,437,398,1042,1042,1025,1036]} 1. d4 Nf6 2. Nf3 c5 3. c3 d5 4. dxc5 e6 5. Be3 {[#]} Nbd7 $146 ({Predecessor:} 5... Be7 6. g3 O-O 7. Bg2 a5 8. O-O Na6 9. c4 dxc4 10. Na3 Nd5 11. Bd4 f6 12. e4 Ndb4 {0-1 (49) Rapport,R (2735)-Shankland,S (2731) Saint Louis 2019}) 6. b4 {D02: 1 d4 d5 2 Nf3 sidelines, including 2...Nf6 3 g3 and 2...Nf6 3 Bf4.} a5 7. Nbd2 axb4 (7... Qc7 $11) 8. cxb4 $14 {White is slightly better.} e5 {[#]} 9. Bg5 $1 Be7 10. e3 O-O 11. Be2 (11. Bb5 $16) 11... e4 (11... Qc7 $14) 12. Nd4 $16 Ne5 13. O-O b6 14. N2b3 bxc5 15. Nxc5 Bxc5 16. bxc5 Ba6 17. a4 {[%cal Ba2a4,Ba4a5,Ba5a6][%mdl 32]} Bxe2 18. Qxe2 Nd3 19. c6 Qd6 20. Rfb1 Rfb8 $2 (20... Ne8 {was called for.} 21. Bh4 h6) 21. Rxb8+ Rxb8 22. a5 Rb2 $2 {[#]} (22... Ne8 23. a6 Ra8) 23. Qxb2 $3 $18 {[%mdl 512]} Nxb2 24. a6 {Accuracy: White = 89%, Black = 40%.} 1-0

[Event "19th Rochefort Open 2020"]
[Site "Rochefort"]
[Date "2020.02.22"]
[Round "1.2"]
[White "Coste, Thierry"]
[Black "Vorobiov, Evgeny E."]
[Result "0-1"]
[WhiteElo "2056"]
[BlackElo "2520"]
[Annotator "TA"]
[PlyCount "56"]
[EventDate "2020.02.22"]
[EventType "swiss"]
[EventCountry "FRA"]
[SourceTitle "playchess.com"]
[Source "ChessBase"]
[SourceQuality "1"]

{[%evp 17,56,8,8,0,0,-10,14,-9,0,-11,-20,-39,-33,-60,-49,-57,-69,-68,-53,-56,-58,-62,-62,-58,-43,-72,-5,-100,-104,-105,-93,-107,-108,-195,-168,-161,-179,-207,-197,-245,-242]} 1. Nf3 g6 2. d4 Nf6 3. Nc3 d5 4. Bf4 Bg7 5. e3 O-O 6. Be2 c5 7. Ne5 cxd4 8. exd4 Nc6 9. O-O Bf5 10. Nxc6 {D00: 1 d4 d5: Unusual lines.} bxc6 11. Na4 {11.Na4 is better than 11.Be5.} Nd7 12. g4 {The position is equal.} Be6 13. c3 {[#]} f5 $146 ({Predecessor:} 13... f6 14. Ba6 Nb6 15. Bb7 Nxa4 16. Qxa4 Bd7 17. Bxa8 Qxa8 18. Rfe1 Re8 19. h3 e5 20. dxe5 fxe5 {½-½ (30) Gustavsson,S (2005)-Hammar,B (2232) Sibenik 2014}) 14. g5 Bf7 $1 15. Bg3 e5 16. dxe5 Nxe5 17. f4 Nd7 18. Bf2 Re8 19. Bf3 Qc7 20. Qd2 Qa5 21. b3 Rad8 (21... Nb6 $17 22. Nxb6 Bxc3) 22. Rfd1 {[#]} (22. Bd4 $11 {remains equal.}) 22... Nb6 $1 $17 {[%cal Rb6a4]} 23. Bd4 Nxa4 24. Bxg7 Kxg7 25. Qd4+ (25. bxa4 $17 {was necessary.} c5 26. Kf2) 25... Kg8 $19 {Black is clearly better.} 26. bxa4 c5 27. Qd2 Qxa4 28. Rab1 d4 {Accuracy: White = 65%, Black = 90%.} 0-1

[Event "19th Rochefort Open 2020"]
[Site "Rochefort"]
[Date "2020.02.22"]
[Round "1.3"]
[White "Burmakin, Vladimir"]
[Black "Derieux, Christian"]
[Result "1-0"]
[WhiteElo "2514"]
[BlackElo "2053"]
[Annotator "TA"]
[PlyCount "31"]
[EventDate "2020.02.22"]
[EventType "swiss"]
[EventCountry "FRA"]
[SourceTitle "playchess.com"]
[Source "ChessBase"]
[SourceQuality "1"]

{[%evp 9,31,56,96,102,202,182,260,249,247,235,263,253,284,266,262,244,248,235,551,552,585,514,602,580]} 1. Nf3 g6 2. d4 Bg7 3. g3 b5 4. Bg2 Bb7 5. Qd3 {[#]} c5 $146 ({Predecessor:} 5... a6 6. a4 c6 7. Nbd2 d6 8. Nb3 Nd7 9. Bd2 Ngf6 10. Na5 Qb6 11. c4 O-O {1-0 (35) Fridman,D (2645)-Warakomski,T (2468) Germany 2011}) 6. Qxb5 {A40: Unusual replies to 1 d4.} Bc6 (6... Qb6 $16 7. Qxc5 Qxc5 8. dxc5 Na6) 7. Qxc5 $18 Na6 (7... d6 {is a better defense.} 8. Qc4 Nf6) 8. Qa3 {White has a decisive advantage.} Qb6 9. c3 Nh6 10. O-O Nc7 11. Nbd2 a5 12. Qb3 Qa6 13. Qc4 Bb5 $2 {[#]} (13... d6 14. Qxa6 Rxa6) 14. Qxc7 {White is clearly winning.} d6 15. c4 Ba4 16. c5 {Black got outplayed after the opening. Accuracy: White = 100%, Black = 19%.} 1-0

[Event "19th Rochefort Open 2020"]
[Site "Rochefort"]
[Date "2020.02.22"]
[Round "1.5"]
[White "Korneev, Oleg"]
[Black "Mota, Pankit"]
[Result "1-0"]
[WhiteElo "2505"]
[BlackElo "2048"]
[Annotator "TA"]
[PlyCount "97"]
[EventDate "2020.02.22"]
[EventType "swiss"]
[EventCountry "FRA"]
[SourceTitle "playchess.com"]
[Source "ChessBase"]
[SourceQuality "1"]

{[%evp 25,97,39,57,32,74,66,83,88,83,31,13,14,104,97,102,100,101,95,94,125,108,35,39,39,105,82,75,72,117,63,49,29,58,58,67,59,60,55,214,214,211,208,208,208,204,197,188,190,302,300,302,295,295,295,295,292,288,288,288,288,345,313,431,431,390,390,756,756,749,741,707,694,652,581]} 1. e4 e6 2. d4 d5 3. Nd2 Nf6 4. e5 Nfd7 5. Bd3 c5 6. c3 Nc6 7. Ne2 cxd4 8. cxd4 f6 9. exf6 Nxf6 10. O-O Bd6 11. Nf3 Qc7 12. Bg5 O-O 13. Rc1 h6 14. Bh4 {[#] C06: French Tarrasch: 3...Nf6 4 e5 Nfd7 5 Bd3 main lines.} a6 $146 ({Predecessor:} 14... Nh5 15. Bb1 g5 16. Bg3 Nxg3 17. Nxg3 Qg7 18. Qd3 Nb4 19. Qe2 Bd7 20. Ne5 Bxe5 21. dxe5 Be8 {0-1 (42) Cuenca Jimenez,J (2516)-Naumann,A (2545) Berlin 2015}) 15. Bg3 Nh5 16. Bxd6 {White is better.} Qxd6 17. Ng3 (17. Bb1 $16) 17... Nf4 $14 18. Bb1 Rf6 (18... e5 $11) 19. Re1 $16 Bd7 20. Ne5 Raf8 21. Ng4 Qb4 22. Nxf6+ Rxf6 23. b3 (23. Qc2 $16) 23... Nxd4 $14 24. Kh1 Qb6 (24... Bc6 $14) 25. Nh5 Nxh5 26. Qxh5 Rxf2 27. Rf1 (27. Qe5 $16) 27... Nf5 28. Bxf5 $40 {[%mdl 128] White mounts an attack.} Rxf1+ 29. Rxf1 exf5 {[%mdl 4096] Endgame KQR-KQB} 30. Qf3 Qe6 31. h3 Bc6 $2 {[#] Black cannot hold the game after this.} ({Black should try} 31... Qe5 $14) 32. Qxf5 $18 Qe2 33. Qf8+ Kh7 34. Qf2 ({Don't take} 34. Qf5+ Kg8) 34... Qe7 35. Kh2 Qd6+ 36. Qf4 Qc5 (36... Qe7 $142 37. Qf5+ Kg8) 37. Qf5+ Kg8 38. Qe6+ Kh7 39. Qe5 {[#] Threatening mate with Rf7!} Qc2 40. Qf5+ Qxf5 41. Rxf5 {KR-KB} Kg6 42. g4 a5 43. Kg3 d4 44. Rxa5 Kf6 45. h4 g6 $2 (45... d3 46. Rf5+ Ke7) 46. Kf4 {White is clearly winning.} Ke6 47. g5 hxg5+ 48. Rxg5 Kf6 49. Rc5 {Accuracy: White = 88%, Black = 54%.} 1-0

[Event "19th Rochefort Open 2020"]
[Site "Rochefort"]
[Date "2020.02.23"]
[Round "2.1"]
[White "Gareyev, Timur"]
[Black "Parnali, S Dharia"]
[Result "1-0"]
[WhiteElo "2607"]
[BlackElo "2275"]
[Annotator "TA"]
[PlyCount "61"]
[EventDate "2020.02.22"]
[EventType "swiss"]
[EventCountry "FRA"]
[SourceTitle "playchess.com"]
[Source "ChessBase"]
[SourceQuality "1"]

{[%evp 23,61,4,4,13,23,16,15,0,39,42,41,60,52,81,266,274,374,359,440,436,525,534,530,521,536,501,717,719,825,812,1039,988,1283,1274,1274,1049,5555,2172,29984,29984]} 1. Nf3 Nf6 2. g3 c5 3. Bg2 Nc6 4. O-O e5 5. c4 d5 6. cxd5 Nxd5 7. Nc3 Nc7 8. d3 Be7 9. Nd2 Bd7 10. Nc4 f6 11. f4 b5 12. Ne3 exf4 13. Nf5 {is cutting edge theory. A34: Symmetrical English: 2 Nc3, lines with ...d5.} b4 14. Nxe7 Qxe7 15. Ne4 {The position is equal.} fxg3 {was the old line (15...Ne6).} 16. Bf4 $1 {[%cal Rf4c7]} gxh2+ 17. Kh1 Ne5 18. Rc1 $36 {[%mdl 2048] [#] Black must now prevent d4. White is in control.} O-O $146 {[#]} (18... Rc8 $16) ({Predecessor:} 18... Rc8 19. Bxe5 fxe5 20. Nxc5 Ne6 21. Nxd7 Qxd7 22. Rxc8+ Qxc8 23. Qa4+ Ke7 24. Qxb4+ Qc5 {½-½ (42) Navara,D (2702)-Gopal,G (2550) Caleta 2014}) 19. d4 $1 $18 ({Less strong is} 19. Nxc5 Rac8 $11) 19... Ng4 20. Bxc7 Bc6 21. Qb3+ Kh8 22. Bd6 {[%mdl 64] Double Attack, Skewer} Qb7 23. Bxf8 Rxf8 24. Qf3 h5 25. Rxc5 g6 26. Qf4 Qd7 {[#]} 27. d5 $1 Bxd5 28. Rd1 g5 29. Qg3 Rc8 30. Rdxd5 Rxc5 31. Nxc5 {White took control after the opening. Accuracy: White = 100%, Black = 18%.} (31. Rxd7 {leads to mate.} Rc1+ 32. Rd1 Rxd1+ 33. Qe1 Rxe1+ 34. Bf1 Rxf1+ 35. Kg2 h1=Q+ 36. Kg3 Qh2#) 1-0

[Event "19th Rochefort Open 2020"]
[Site "Rochefort"]
[Date "2020.02.23"]
[Round "2.2"]
[White "Sahil, Tickoo"]
[Black "Van den Doel, Erik"]
[Result "0-1"]
[WhiteElo "2275"]
[BlackElo "2583"]
[Annotator "TA"]
[PlyCount "80"]
[EventDate "2020.02.22"]
[EventType "swiss"]
[EventCountry "FRA"]
[SourceTitle "playchess.com"]
[Source "ChessBase"]
[SourceQuality "1"]

{[%evp 9,80,10,12,8,11,0,5,0,4,1,2,-23,-21,-16,-32,-41,-28,-29,-27,-46,-41,-50,-44,-29,-22,-47,-44,-59,-31,-41,-34,-61,-81,-123,-116,-109,-122,-235,-231,-241,-217,-391,-379,-338,-327,-322,-325,-439,-451,-445,-445,-752,-734,-822,-796,-733,-399,-400,-399,-377,-386,-405,-405,-398,-389,-394,-382,-393,-393,-377,-346,-768,-760]} 1. d4 d5 2. Bf4 Nf6 3. e3 Bg4 4. Nf3 e6 5. Nbd2 Be7 6. Bd3 {D02: 1 d4 d5 2 Nf3 sidelines, including 2...Nf6 3 g3 and 2...Nf6 3 Bf4.} O-O 7. c3 c5 {[#]} 8. Qb1 $146 {The position is equal.} ({Predecessor:} 8. Rc1 a6 9. Bg5 cxd4 10. exd4 h6 11. Bh4 Nbd7 12. O-O Rc8 13. h3 Bxf3 14. Nxf3 {1-0 (26) Miquel,J (1235)-Vontina,M (772) LSS email 2013}) 8... Nc6 9. Ne5 Bh5 10. Bg5 cxd4 11. Nxc6 bxc6 12. exd4 h6 13. Bf4 c5 14. dxc5 Bxc5 {And now ...e5! would win.} 15. O-O Re8 16. Nb3 Bd6 17. Bxd6 Qxd6 18. f4 Rab8 19. Nd4 Qb6 20. b4 Rbc8 $36 {[%mdl 2048] Black is on the roll.} 21. Qb2 {[#]} Bg6 $1 {[%cal Rg6d3]} 22. Bxg6 fxg6 23. Rad1 (23. a4 $17 {keeps fighting.}) 23... Ne4 $19 24. Kh1 Rxc3 25. Rf3 $2 (25. a4) 25... Rec8 26. h3 Rxf3 27. gxf3 Ng3+ 28. Kh2 Nh5 29. Qd2 Rf8 30. Re1 (30. Qe1 $142 Nxf4 31. b5) 30... Rxf4 31. Nxe6 Rxf3 {[#] ( -> ...Rf2+)} 32. Qd4 Rf2+ 33. Kg1 Rxa2 34. Qxb6 axb6 {[%mdl 4096] Endgame KRN-KRN} 35. Rd1 Rb2 36. Rxd5 Rxb4 37. Rd7 Re4 38. Rd6 Kf7 39. Nc7 Nf4 40. Rd7+ $2 (40. h4) 40... Re7 {Black took control after the opening. Accuracy: White = 54%, Black = 92%.} 0-1

[Event "19th Rochefort Open 2020"]
[Site "Rochefort"]
[Date "2020.02.23"]
[Round "2.4"]
[White "Dalaud, Dorian"]
[Black "Burmakin, Vladimir"]
[Result "0-1"]
[WhiteElo "2236"]
[BlackElo "2514"]
[Annotator "TA"]
[PlyCount "68"]
[EventDate "2020.02.22"]
[EventType "swiss"]
[EventCountry "FRA"]
[SourceTitle "playchess.com"]
[Source "ChessBase"]
[SourceQuality "1"]

{[%evp 13,68,27,48,29,50,41,41,42,72,50,43,45,69,65,61,44,72,66,62,83,62,66,58,74,73,-20,23,6,90,38,70,39,33,0,0,0,0,0,0,0,0,-138,-136,-140,-135,-140,-135,-127,-132,-128,-128,-355,-343,-319,-310,-29981,-29982]} 1. c4 c6 2. Nf3 Nf6 3. Nc3 d5 4. e3 g6 5. d4 Bg7 6. Bd3 O-O 7. O-O Be6 8. cxd5 {D94: Grünfeld: 4 Nf3 Bg7 5 e3.} Nxd5 9. e4 Nb6 {[#]} 10. Be3 $146 {White is slightly better.} ({Predecessor:} 10. Be2 Bg4 11. e5 Na6 12. h3 Bf5 13. Bg5 Nc7 14. Qb3 Be6 15. Qa3 f6 16. Bh4 Kh8 17. Ne4 Bd5 18. Nc5 Bxf3 19. Bxf3 Qxd4 20. exf6 exf6 {0-1 (25) Bhat,V (2495)-Graf,A (2643) Cappelle-la-Grande 2009}) 10... Bc4 11. Qe2 Bxd3 12. Qxd3 Na6 13. Rad1 Qd6 14. h4 Rad8 15. Qe2 Qe6 16. h5 Qg4 17. h6 Bh8 18. Qc2 Nc7 19. Ne5 ({White should play} 19. Nh2 $16 Qh5 20. Nf3) 19... Qh5 (19... Bxe5 $5 20. f3 Qh5 21. dxe5 Qxe5 $11) 20. Qb3 Ne6 (20... Bxe5 $11 {remains equal.} 21. dxe5 Ne6) 21. Nxf7 (21. Nf3 $16) 21... Kxf7 $14 22. f4 Qxh6 23. Rf3 Qh5 (23... Rd6 $2 24. e5 $18 (24. f5 Qh4 $18)) 24. f5 {[%mdl 64] aiming for Rh3. Pin} Ke8 $1 {[%cal Re6d4]} 25. Qxe6 {Strongly threatening Rh3.} Rd6 $36 {[%mdl 2048] Black is pushing.} 26. Qb3 gxf5 27. Rxf5 (27. Rdf1 $11) 27... Rxf5 $17 28. exf5 {Hoping for Qg8+.} Qg4 29. d5 Bxc3 $1 30. Bxb6 axb6 {[%cal Ba7b6,Bb6b5][%mdl 32]} 31. bxc3 {[#]} b5 $1 32. f6 $2 (32. Qc2 $17 {is a better defense.}) 32... Qe2 $19 (32... Rxf6 33. Qc2 $19) 33. Rf1 Qe3+ ({Inferior is} 33... cxd5 {[#]} 34. c4 $1 $11 {[%mdl 512]}) ({Less strong is} 33... Rxd5 34. fxe7 Qe3+ 35. Rf2 $19) ({Not} 33... Rxf6 34. Rxf6 exf6 35. dxc6 $17) (33... exf6 34. dxc6 Qe3+ 35. Kh1 $15) 34. Rf2 $2 (34. Kh2 $19 Rxd5 35. Rf3 Rh5+ 36. Rh3 Rxh3+ 37. gxh3 Qf2+ 38. Kh1 Qxf6 39. Kg2) 34... Rxf6 {Accuracy: White = 62%, Black = 77%.} 0-1

[Event "19th Rochefort Open 2020"]
[Site "Rochefort"]
[Date "2020.02.23"]
[Round "2.5"]
[White "Maiorov, Nikita"]
[Black "Jeet, Jain"]
[Result "1-0"]
[WhiteElo "2506"]
[BlackElo "2223"]
[Annotator "TA"]
[PlyCount "125"]
[EventDate "2020.02.22"]
[EventType "swiss"]
[EventCountry "FRA"]
[SourceTitle "playchess.com"]
[Source "ChessBase"]
[SourceQuality "1"]

{[%evp 12,125,5,9,4,0,10,10,15,6,17,13,40,5,6,5,17,4,14,13,16,16,17,19,20,8,1,8,10,0,0,0,0,-7,-7,0,-5,-14,-2,-35,-18,-32,-13,-20,0,0,15,10,14,0,0,0,17,21,22,16,33,21,40,46,79,79,75,75,83,83,83,73,81,79,87,73,69,85,66,77,79,77,85,74,107,72,122,54,121,113,140,95,203,100,165,168,172,116,157,166,138,129,199,184,268,162,1875,571,1797,1610,29972,29974,29966,29970,29980,29981,29981,29981,29982,29981]} 1. d4 d5 2. c4 e6 3. Nf3 Nf6 4. e3 b6 5. Bd3 Bb7 6. O-O Bd6 7. b3 O-O {E14: Queen's Indian: Classical Variation (4 e3).} 8. Nc3 c5 9. Bb2 a6 {The position is equal.} 10. cxd5 exd5 11. Rc1 Nbd7 {[%cal Bb8d7,Bd7c5,Bc5e4][%mdl 32]} 12. Qe2 Qe7 13. Rfd1 Ne4 {[#]} 14. Qf1 $146 ({Predecessor:} 14. dxc5 bxc5 15. Bxe4 dxe4 16. Qd2 exf3 17. Qxd6 Qg5 18. Qg3 Qxg3 19. hxg3 Rfd8 20. e4 fxg2 {½-½ (48) Chiburdanidze,M (2545)-Dautov,R (2606) Lippstadt 2000}) 14... b5 15. dxc5 Ndxc5 16. Bb1 Nxc3 17. Bxc3 Ne4 18. Bd4 Ba3 19. Rc2 Rac8 20. Qd3 Rxc2 21. Bxc2 Rc8 22. Ne1 g6 23. Bb1 Bd6 24. Nf3 b4 25. Bb2 Nc3 26. Re1 Qe4 27. Qf1 Nxb1 28. Rxb1 Qe8 29. Qd1 Qe4 30. Ra1 Rc2 31. Bd4 Rc8 32. Ne1 Bc6 33. Qd2 Bb5 34. Rd1 Bf8 35. Ba1 Bg7 36. Bxg7 Kxg7 37. Qb2+ f6 38. Rd4 Qe7 39. Rxd5 Qc7 {[#] aiming for ...Qc1!} 40. Qd2 Qc3 {Strongly threatening ...Qxd2.} 41. f3 Qxd2 42. Rxd2 $16 {[%mdl 4096] Endgame KRB-KRN} Rc1 43. Kf2 Ra1 44. e4 Kf7 45. g3 a5 46. Rb2 f5 47. e5 (47. exf5 $16 gxf5 48. Rd2) 47... Ke6 (47... g5 $14) 48. f4 Bc6 49. Nf3 Bd5 (49... Bxf3 $16 50. Kxf3 Rc1) 50. Rd2 (50. Ng5+ $18 {is more deadly.} Ke7 51. Nxh7) 50... h6 (50... Bxf3 $16 {was worth a try.} 51. Kxf3 h6) 51. Nd4+ $18 Ke7 52. Nxf5+ (52. Ke3 $18) 52... gxf5 $16 53. Rxd5 Rxa2+ $18 {[#] KR-KR} 54. Ke3 $1 Rxh2 (54... h5 $16 {was necessary.}) 55. Rxa5 Rb2 (55... Rg2 {was called for.}) 56. Ra7+ Ke8 $2 (56... Ke6) 57. Kd4 (57. e6 $142 Rxb3+ 58. Kd4) 57... Rxb3 58. e6 Rxg3 59. Ke5 {White mates.} Ra3 60. Rb7 Re3+ 61. Kf6 {[%cal Rb7b8]} Kd8 62. Rxb4 Kc7 63. Rd4 {Accuracy: White = 81%, Black = 64%.} 1-0

[Event "19th Rochefort Open 2020"]
[Site "Rochefort"]
[Date "2020.02.23"]
[Round "3.1"]
[White "Shirazi, Kamran"]
[Black "Gareyev, Timur"]
[Result "0-1"]
[WhiteElo "2362"]
[BlackElo "2607"]
[Annotator "TA"]
[PlyCount "133"]
[EventDate "2020.02.22"]
[EventType "swiss"]
[EventCountry "FRA"]
[SourceTitle "playchess.com"]
[Source "ChessBase"]
[SourceQuality "1"]

{[%evp 15,133,35,38,13,14,14,0,11,0,-24,-18,-14,-19,-126,-121,-112,-116,-113,-114,-149,-72,-91,-78,-90,-86,-88,-75,-92,-95,-95,-93,-97,-79,-87,-34,-22,-14,-54,-55,-61,-63,-63,-59,-169,-177,-187,-181,-187,-167,-160,-153,-191,-191,-191,-198,-198,-198,-204,-192,-185,-160,-167,-8,-206,-206,-206,-179,-567,-567,-543,-310,-361,-212,-394,-387,-575,-537,-633,-608,-581,-557,-480,0,-525,-347,-564,-564,-635,-613,-560,-387,-713,-731,-722,-692,-959,-897,-1002,-822,-1415,-1314,-5903,-5907,-29971,-29974,-29979,-29980,-29983,-29982,-29982,-29983,-29983,-29984,-29983,-29984,-29984,-29985,-29983,-29983,-29993]} 1. e4 e5 2. Nf3 Nc6 3. Bb5 a6 4. Ba4 d6 5. c3 Nf6 6. d4 Bd7 7. O-O g6 8. Re1 Bg7 $1 {[%mdl 4] now scores much better than the old 8...b5.} 9. Bxc6 {C79: Ruy Lopez: Steinitz-type lines with 3...a6 4 Ba4 Nf6 5 0-0 d6.} Bxc6 10. dxe5 Nxe4 11. exd6 {The position is equal.} O-O {[#]} 12. Nd4 $146 ({Predecessor:} 12. dxc7 Qxc7 13. Be3 Rad8 14. Nd4 Be5 15. h3 Bh2+ 16. Kh1 Bf4 17. Qc2 Rfe8 18. Na3 {½-½ (60) Kasimdzhanov,R (2683)-Mamedyarov,S (2799) Riadh 2017}) 12... Qxd6 13. Nxc6 Qxc6 14. Nd2 (14. Be3 $11 {keeps the balance.}) 14... Rad8 $1 $17 15. Qc2 {[#]} Nxc3 $1 {[%mdl 512] White must now prevent ...Ne2+!} 16. Nb3 (16. bxc3 Qxc3) 16... Rfe8 {[%cal Re8e1]} 17. Bg5 Rd5 (17... Rxe1+ $142 $1 18. Rxe1 Re8) 18. h4 h6 19. Bxh6 Rxe1+ 20. Rxe1 Bxh6 21. bxc3 b5 22. Re4 Bg7 23. c4 Rd8 24. Qe2 {[#]} b4 (24... Rd1+ $1 $17 {[%mdl 512]} 25. Kh2 (25. Qxd1 Qxe4) 25... Rb1 26. cxb5 axb5) 25. h5 gxh5 26. Rh4 Re8 27. Qxh5 Re1+ 28. Kh2 Qg6 (28... Qd6+ {feels hotter.} 29. f4 Kf8 30. Qf5 Qe6 31. Qc5+ Qe7) 29. Qxg6 ({Better is} 29. Qf3 $15) 29... fxg6 $15 {[%mdl 4096] Endgame KRB-KRN} 30. c5 Bc3 31. Rc4 Re2 32. a3 Rc2 {Threatens to win with ...Be5+.} ({Reject} 32... Rxf2 $6 33. axb4 Be5+ 34. Kh3 $11) ({Not} 32... bxa3 33. Rxc3 a2 34. Rc4 $16) 33. Nd4 {[#]} b3 $1 {[%cal Rb3b2] Strongly threatening ...b2.} ({And not} 33... Rxf2 34. axb4 Ba1 35. Kg3 $11) 34. Nxc2 b2 35. Rxc3 {Hoping for Rb3.} b1=Q $19 {KQ-KRN} 36. Nb4 a5 {[%mdl 1024] Black has strong compensation.} 37. Nd5 Kg7 {aiming for ...Qf5.} 38. Nf4 Qe4 $2 (38... Qe1 $19 39. Rf3 Qe5) 39. g3 $2 (39. Nxg6 $1 $11 {and White has nothing to worry.} Qd4 40. Rg3) 39... Qe1 40. Rf3 Kh6 41. Nd3 $2 (41. g4) 41... Qc3 42. a4 Qc4 43. Ne5 Qxc5 (43... Qxa4 $142 {...Qd4 is the strong threat.} 44. Rf7 g5) 44. Re3 $2 (44. Ng4+ Kg7 45. Ne3) 44... Qd4 45. f4 (45. Kh3 $142 Qxa4 46. Ng4+ Kg7 47. Re7+ Kf8 48. Rxc7) 45... Kg7 46. Ng4 Qd1 47. Kh3 {White hopes to continue with Re7+.} Qf1+ 48. Kh2 Qd1 49. Kh3 Qh1+ 50. Nh2 c5 51. Rc3 Qd5 52. Nf3 Qd1 53. g4 $2 (53. Rxc5 Qxf3 54. Rxa5) 53... Qxa4 54. Kg3 Qb4 55. Re3 c4 56. Re6 Qb3 57. f5 gxf5 58. gxf5 c3 59. Rg6+ Kf8 {Black mates.} 60. Rc6 c2 61. f6 Qb8+ 62. Kg4 Qb4+ 63. Kg3 Qb2 64. Rc8+ Kf7 65. Rc7+ Kxf6 66. Rc6+ Ke7 67. Re6+ {Accuracy: White = 53%, Black = 77%.} 0-1

[Event "19th Rochefort Open 2020"]
[Site "Rochefort"]
[Date "2020.02.23"]
[Round "3.2"]
[White "Van den Doel, Erik"]
[Black "Colin, Vincent"]
[Result "1-0"]
[WhiteElo "2583"]
[BlackElo "2359"]
[Annotator "TA"]
[PlyCount "81"]
[EventDate "2020.02.22"]
[EventType "swiss"]
[EventCountry "FRA"]
[SourceTitle "playchess.com"]
[Source "ChessBase"]
[SourceQuality "1"]

{[%evp 9,81,6,7,12,20,22,20,28,46,33,52,23,4,13,25,0,0,0,0,-1,9,21,45,6,23,45,38,37,91,89,59,-16,0,0,18,12,33,16,11,21,76,66,64,69,66,75,65,53,78,15,175,160,180,170,182,98,181,159,194,166,189,168,250,240,377,364,340,221,272,250,29986,29986,29984,29985]} 1. d4 Nf6 2. Nf3 g6 3. Nbd2 Bg7 4. e4 d6 5. Bb5+ c6 6. Bd3 {[#] B07: Pirc Defence: Miscellaneous Systems.} Nh5 $146 ({Predecessor:} 6... O-O 7. O-O c5 8. d5 e6 9. c4 Re8 10. Rb1 Na6 11. a3 exd5 12. exd5 Nc7 13. b3 b5 14. Qc2 Rb8 15. Bb2 Bd7 16. Bc3 Na8 17. Rfe1 Nb6 18. Rxe8+ Bxe8 19. Qc1 {½-½ (19) Dubov,D (2703)-Svidler,P (2737) St Petersburg 2018}) 7. O-O Nf4 8. Bc4 {The position is equal.} b5 9. Bb3 Qd7 10. Nb1 Qg4 {[%csl Gf4][%cal Rg4g2]} 11. Bxf4 Qxf4 12. g3 Qg4 13. Qd3 O-O 14. Re1 a6 15. Nbd2 e5 16. c3 exd4 17. cxd4 Nd7 18. a4 Bb7 ({Black should try} 18... Rb8 $14) 19. axb5 $1 $16 cxb5 20. Bd1 (20. Rac1 $14) 20... Qe6 21. h4 Qe7 22. Bb3 Qd8 23. h5 Qb6 24. Qe3 Rae8 (24... a5 $11) 25. hxg6 hxg6 26. Qg5 $36 {[%mdl 2048] White has good play.} Nf6 $1 27. e5 dxe5 28. dxe5 Nh7 $1 {[%cal Rh7g5]} 29. Qf4 (29. Qh4 $16) 29... Re7 $2 (29... g5 $1 $11 {and Black is okay.} 30. Qg4 Qh6) 30. Ne4 $1 $18 g5 31. Nexg5 Nxg5 32. Qxg5 (32. Nxg5 $18 {e6 is the strong threat.} Qg6 33. Rad1) 32... Qc6 (32... Re6 $16) 33. Re3 Rfe8 {intending ...Rxe5.} 34. Rae1 Qh6 35. Qf5 Qh7 (35... Bc8 $142 36. Qe4 Qh5) 36. Qg4 $1 Kf8 {[#]} (36... Qh6 $142 37. Nh4 Qc6) 37. e6 $1 {[%cal Re6f7]} f5 38. Qh4 Bxb2 39. Qg5 {aiming for Nh4.} Rg7 $2 {[#]} ({Wrong is} 39... Qh3 $2 {[#]} 40. Re5 $1 $18 {[%mdl 512]}) (39... Bd4 $18) 40. e7+ $1 {[%mdl 512]} Rexe7 41. Rxe7 {Accuracy: White = 75%, Black = 59%.} 1-0